000 00422cam a2200181ua 4500
020 _c0.40
041 _aeng
_h
082 _a305.4
_bAMR/TO
100 _aAmrut kaur, .
245 _aTo women /
_cAmrut kaur.
_hTextual Documents
250 _a1 /
_b.
260 _aAhmadabad :
_bNavajivan publishing house ,
_c1945.
300 _a31 ; .
365 _a0.40
504 _a
942 _cBK
999 _c1708
_d1708